Gaming Quiz

Random Gaming or Pokémon Quiz

Dragon Pokémon (Gen. 3) (Picture Click) Quiz Stats

 Plays Quiz not verified by Sporcle

Score 0/9 Timer 02:00
0 Plays Today
% Correct
Salamence
95.6%
Rayquaza
95.6%
Shelgon
93%
Bagon
92.1%
Latios
91.9%
Latias
90.7%
Flygon
87.8%
Vibrava
80.2%
Altaria
79.4%

You're not logged in!

Compare scores with friends on all Sporcle quizzes.
OR
Log In

You Might Also Like...

Show Comments

Extras

Top Quizzes Today


Score Distribution

Your Account Isn't Verified!

In order to create a playlist on Sporcle, you need to verify the email address you used during registration. Go to your Sporcle Settings to finish the process.

Report this User

Report this user for behavior that violates our Community Guidelines.

Details: